| 000 | 00408nam a22001337a 4500 | ||
|---|---|---|---|
| 008 | 240220b |||||||| |||| 00| 0 eng d | ||
| 020 | _a9789588845982 | ||
| 082 |
_aA-N _bMAEH |
||
| 100 |
_aMae, Valter Hugo _eautor _943476 |
||
| 245 |
_aEl hijo de mil hombres / _cValter Hugo Mae |
||
| 260 |
_aMedellín: _bTragaluz editores, _c2017 |
||
| 300 |
_a181 páginas: _bIlustraciones a color; _c21 cm. |
||
| 942 | _2ddc | ||
| 999 |
_c30676 _d17060 |
||